Reference handbook for institutional on-farm training, (Record no. 10985)

MARC details
000 -LEADER
fixed length control field 00906cam a22002771 4500
001 - CONTROL NUMBER
control field agr49000099
003 - CONTROL NUMBER IDENTIFIER
control field DLC
005 - DATE AND TIME OF LATEST TRANSACTION
control field 20260227111011.0
008 - FIXED-LENGTH DATA ELEMENTS--GENERAL INFORMATION
fixed length control field 770825s1949 xx 000 0 eng
010 ## - LIBRARY OF CONGRESS CONTROL NUMBER
LC control number agr49000099
035 ## - SYSTEM CONTROL NUMBER
System control number (OCoLC)3218264
040 ## - CATALOGING SOURCE
Original cataloging agency DLC
Transcribing agency OC
Modifying agency DLC
042 ## - AUTHENTICATION CODE
Authentication code premarc
050 00 - LIBRARY OF CONGRESS CALL NUMBER
Classification number S495
Item number .P484
082 ## - DEWEY DECIMAL CLASSIFICATION NUMBER
Classification number 630
100 1# - MAIN ENTRY--PERSONAL NAME
Personal name Phillips, Haskell Cordell,
Dates associated with a name 1912-
245 10 - TITLE STATEMENT
Title Reference handbook for institutional on-farm training,
Statement of responsibility, etc. by Haskell C. Phillips [and] Russell R. Spafford.
260 ## - PUBLICATION, DISTRIBUTION, ETC.
Place of publication, distribution, etc. Clarksville, Tenn.,
Name of publisher, distributor, etc. Clarksville Book Co.,
Date of publication, distribution, etc. 1949.
300 ## - PHYSICAL DESCRIPTION
Extent 234 p.
Other physical details illus., maps.
Dimensions 20 cm.
504 ## - BIBLIOGRAPHY, ETC. NOTE
Bibliography, etc. note Includes "Sources."
650 #0 - SUBJECT ADDED ENTRY--TOPICAL TERM
Topical term or geographic name entry element Agriculture
Form subdivision Handbooks, manuals, etc.
650 #0 - SUBJECT ADDED ENTRY--TOPICAL TERM
Topical term or geographic name entry element Agriculture
Geographic subdivision Southern States.
700 1# - ADDED ENTRY--PERSONAL NAME
Personal name Spafford, Russell Richard,
Dates associated with a name 1887-
Relator term joint author.
740 0# - ADDED ENTRY--UNCONTROLLED RELATED/ANALYTICAL TITLE
Uncontrolled related/analytical title Institutional on-farm training.
740 0# - ADDED ENTRY--UNCONTROLLED RELATED/ANALYTICAL TITLE
Uncontrolled related/analytical title On-farm training.

No items available.

Powered by Koha